logo

Bir Sreshtho Munshi Abdur Rouf Library
Jhenaidah Cadet College

Minor Poems / (Record no. 5979)

MARC details
000 -LEADER
fixed length control field 00759nam a22002893 4500
001 - CONTROL NUMBER
JCCL Control Number 5979
003 - CONTROL NUMBER IDENTIFIER
JCCL marc code BD-JhCC
005 - DATE AND TIME OF LATEST TRANSACTION
control field 20180101100259.0
008 - FIXED-LENGTH DATA ELEMENTS--GENERAL INFORMATION
fixed length control field 931015s1903 enk 000 0
035 ## - SYSTEM CONTROL NUMBER
system control number (BD-JhCC)5979
040 ## - CATALOGING SOURCE
Original cataloging agency BD-JhCC
Modifying agency BD-JhCC
041 ## - LANGUAGE CODE
Language code of Book eng
082 ## - DEWEY DECIMAL CLASSIFICATION NUMBER
Classification number 821.2
Author mark and Year MIL 1903
100 1# - MAIN ENTRY--PERSONAL NAME
Personal name Milton, John.
240 10 - UNIFORM TITLE
Uniform title minor poems
245 14 - TITLE STATEMENT
Title Minor Poems /
Statement of responsibility, etc John Milton
260 ## - PUBLICATION, DISTRIBUTION, ETC. (IMPRINT)
Place of publication, distribution, etc London :
Date of publication, distribution, etc 1903
Name of publisher, distributor, etc University Tutorial Press Ltd.
300 ## - PHYSICAL DESCRIPTION
Dimensions cm.15
Pagination 175 p. :
490 1# - SERIES STATEMENT
Series statement Little libr.
650 ## - SUBJECT ADDED ENTRY--TOPICAL TERM
Topical term or geographic name as entry element Poems
Form subdivision English poetry
690 00 - LOCAL SUBJECT ADDED ENTRY--TOPICAL TERM (OCLC, RLIN)
Topical term or geographic name as entry element English poetry
Chronological subdivision 1625-1659
General subdivision Works
Source of heading or term pre20
700 1# - ADDED ENTRY--PERSONAL NAME
Personal name Beeching, Henry Charles,
752 ## - ADDED ENTRY--HIERARCHICAL PLACE NAME
Country or larger entity England
City London
830 #0 - SERIES ADDED ENTRY--UNIFORM TITLE
Uniform title Little libr.
942 ## - ADDED ENTRY ELEMENTS (KOHA)
Source of classification or shelving scheme Dewey Decimal Classification
Koha item type Books
Holdings
Source of classification or shelving scheme Damaged status Not for loan Home library Current library Shelving location Date of accession Total Checkouts Full call number Barcode Date last seen Copy number Koha item type
Dewey Decimal Classification     JCC Rouf Library JCC Rouf Library General Stacks 12/31/2017   821.2 MIL 1903 8414 12/31/2017 C - 1 Books

JCC Library | Contacts | JCC Home

Last Update on 23 September 2017
Copyright @ 2017-2020 JCC Rouf Library
Rouf Library, Jhenidah Cadet College (JCC), Bangladesh